Municipalities of Honduras with a Map - Statistics

General Stats
  • This quiz has been taken 232 times
  • The average score is 46 of 298
Answers on the Map
Answers color-coded by a green-red scale on the quiz's map according to % correct below.
 
Answer Stats
Department Answer % Correct
Francisco Morazan Distrito Central
82%
Copan San Pedro
68%
Cortes San Pedro Sula
58%
Lempira Gracias
42%
Atlantida La Ceiba
42%
Choluteca | Copan | La Paz San Jose
40%
Choluteca Choluteca
37%
Comayagua Comayagua
37%
Lempira Santa Cruz
37%
Intibuca | La Paz San Juan
35%
Atlantida Tela
35%
Colon Tocoa
35%
Cortes Puerto Cortes
33%
Bay Islands Roatan
33%
Yoro El Progreso
32%
El Paraiso Danli
30%
Francisco Morazan | La Paz Santa Ana
30%
La Paz Santa Maria
30%
Cortes Choloma
28%
Olancho Juticalpa
28%
Gracias a Dios Puerto Lempira
28%
Colon Trujillo
28%
Francisco Morazan Villa de San Francisco
28%
Yoro Yoro
28%
Bay Islands Guanaja
26%
La Paz La Paz
26%
Yoro Olanchito
26%
Atlantida | Lempira San Francisco
26%
Ocotepeque | Santa Barbara San Marcos
26%
Colon | Ocotepeque Santa Fe
26%
Copan Santa Rosa de Copan
26%
Bay Islands Utila
26%
Cortes Villanueva
26%
Atlantida Jutiapa
25%
Copan | Intibuca San Antonio
25%
Comayagua | Santa Barbara San Luis
25%
Olancho Catacamas
23%
Cortes La Lima
23%
Cortes Omoa
23%
Santa Barbara Santa Barbara
23%
Copan | Santa Barbara | Yoro Santa Rita
23%
Atlantida Arizona
21%
Copan | El Paraiso El Paraiso
21%
Intibuca La Esperanza
21%
Ocotepeque Ocotepeque
21%
El Paraiso San Lucas
21%
Cortes San Manuel
21%
Cortes Santa Cruz de Yojoa
21%
Francisco Morazan | Intibuca Santa Lucia
21%
Comayagua Siguatepeque
21%
Francisco Morazan Valle de Angeles
21%
Colon Bonito Oriental
19%
Gracias a Dios Brus Laguna
19%
Copan Concepción
19%
Intibuca | Ocotepeque Concepcion
19%
Atlantida | Francisco Morazan El Porvenir
19%
Copan | Lempira | Olancho La Union
19%
Colon Limon
19%
Yoro Morazan
19%
Cortes | El Paraiso Potrerillos
19%
Colon Saba
19%
Valle San Lorenzo
19%
Comayagua Taulabe
19%
El Paraiso Trojes
19%
El Paraiso Yuscaran
19%
Copan Copan Ruinas
18%
Copan Dulce Nombre
18%
Yoro El Negrito
18%
Choluteca El Triunfo
18%
Atlantida Esparta
18%
Copan Florida
18%
Comayagua | Francisco Morazan La Libertad
18%
Valle Nacaome
18%
Cortes Pimienta
18%
Ocotepeque San Fernando
18%
Colon Santa Rosa de Aguan
18%
Francisco Morazan Talanga
18%
Santa Barbara Trinidad
18%
Gracias a Dios Ahuas
16%
Copan | Intibuca Dolores
16%
Comayagua | Olancho El Rosario
16%
Intibuca Intibuca
16%
Colon Iriona
16%
Intibuca Jesus de Otoro
16%
Atlantida La Masica
16%
Comayagua La Trinidad
16%
La Paz Marcala
16%
Choluteca Marcovia
16%
Choluteca Morolica
16%
Choluteca Orocuina
16%
Choluteca Pespire
16%
Cortes San Antonio de Cortes
16%
Olancho San Esteban
16%
Choluteca | Intibuca San Isidro
16%
Comayagua | Lempira San Sebastian
16%
Colon Sonaguera
16%
El Paraiso Texiguat
16%
Comayagua Ajuterique
14%
Valle Amapala
14%
Colon Balfate
14%
Copan Cabana
14%
Olancho Campamento
14%
La Paz Cane
14%
Comayagua Humuya
14%
Bay Islands Jose Santos Guardiola
14%
Comayagua Lamani
14%
Comayagua Las Lajas
14%
Francisco Morazan La Venta
14%
Comayagua Lejamani
14%
Intibuca Magdalena
14%
Comayagua Minas de Oro
14%
El Paraiso Moroceli
14%
Choluteca Namasigue
14%
Francisco Morazan Nueva Armenia
14%
Santa Barbara Quimistan
14%
Copan San Agustin
14%
Cortes San Francisco de Yojoa
14%
Francisco Morazan San Ignacio
14%
Comayagua San Jose del Potrero
14%
Choluteca San Marcos de Colon
14%
El Paraiso San Matias
14%
Copan | Santa Barbara San Nicolas
14%
El Paraiso Teupasenti
14%
El Paraiso Alauca
12%
La Paz Cabanas
12%
Copan Corquin
12%
Copan Cucuyagua
12%
Choluteca Duyure
12%
Choluteca El Corpus
12%
Comayagua Esquias
12%
Francisco Morazan Guaimaca
12%
El Paraiso Guinope
12%
El Paraiso Jacaleapa
12%
Santa Barbara Las Vegas
12%
Lempira Lepaera
12%
Francisco Morazan Lepaterique
12%
El Paraiso Liure
12%
Comayagua Meambar
12%
Ocotepeque Mercedes
12%
Francisco Morazan Ojojona
12%
Francisco Morazan Orica
12%
El Paraiso Oropoli
12%
Francisco Morazan Sabanagrande
12%
Lempira San Andres
12%
Choluteca | El Paraiso San Antonio de Flores
12%
Francisco Morazan San Buenaventura
12%
Comayagua San Jerónimo
12%
Copan San Jeronimo
12%
Comayagua San Jose de Comayagua
12%
Copan San Juan de Opoa
12%
El Paraiso Soledad
12%
Comayagua Villa de San Antonio
12%
Gracias a Dios Villeda Morales
12%
Valle Alianza
11%
Francisco Morazan Alubaren
11%
Choluteca Apacilagua
11%
Intibuca Camasca
11%
Francisco Morazan Cedros
11%
Intibuca Colomoncagua
11%
Choluteca Concepcion de Maria
11%
Francisco Morazan Curaren
11%
Olancho Dulce Nombre de Culmi
11%
Ocotepeque Fraternidad
11%
Santa Barbara Ilama
11%
Copan La Jigua
11%
Ocotepeque La Labor
11%
Francisco Morazan Marale
11%
Intibuca Masaguara
11%
Copan Nueva Arcadia
11%
Comayagua Ojos de Agua
11%
Francisco Morazan Reitoca
11%
Francisco Morazan San Antonio de Oriente
11%
Olancho San Francisco de La Paz
11%
Intibuca San Francisco de Opalaca
11%
Francisco Morazan | Intibuca San Miguelito
11%
Francisco Morazan Tatumbla
11%
El Paraiso Vado Ancho
11%
Lempira Valladolid
11%
Francisco Morazan Vallecillo
11%
Copan Veracruz
11%
Gracias a Dios Wampusirpi
11%
Intibuca Yamaranguila
11%
El Paraiso Yauyupe
11%
Santa Barbara Arada
9%
Valle Aramecina
9%
Santa Barbara Atima
9%
Santa Barbara Azacualpa
9%
Lempira Belen
9%
Ocotepeque Belen Gualcho
9%
La Paz Chinacla
9%
Santa Barbara Concepcion del Sur
9%
Olancho Concordia
9%
Ocotepeque Dolores Merendon
9%
Lempira Erandique
9%
La Paz Guajiquiro
9%
Lempira Guarita
9%
Yoro Jocon
9%
Gracias a Dios Juan Francisco Bulnes
9%
Ocotepeque La Encarnacion
9%
Valle Langue
9%
La Paz Lauterique
9%
Ocotepeque Lucerna
9%
Santa Barbara Macuelizo
9%
Francisco Morazan Maraita
9%
Santa Barbara Naranjito
9%
Olancho Patuca
9%
Santa Barbara Proteccion
9%
Olancho Salama
9%
La Paz San Antonio del Norte
9%
Ocotepeque San Francisco del Valle
9%
Ocotepeque San Jorge
9%
Intibuca San Marcos de Sierra
9%
La Paz San Pedro de Tutule
9%
Lempira San Rafael
9%
Choluteca Santa Ana de Yusguare
9%
La Paz Santa Elena
9%
La Paz Santiago de Puringla
9%
Ocotepeque Sensenti
9%
Yoro Sulaco
9%
Lempira Talgua
9%
Lempira Tomala
9%
Copan Trinidad de Copan
9%
Yoro Victoria
9%
La Paz Yarula
9%
Olancho Yocon
9%
Yoro Yorito
9%
Yoro Arenal
7%
Lempira Candelaria
7%
Valle Caridad
7%
Santa Barbara Concepcion del Norte
7%
Valle Goascoran
7%
Olancho Gualaco
7%
Olancho Guata
7%
Olancho Guayape
7%
Olancho Jano
7%
Lempira La Campa
7%
Lempira La Iguala
7%
Lempira Las Flores
7%
Lempira La Virtud
7%
Olancho Manto
7%
Lempira Mapulaca
7%
La Paz Mercedes de Oriente
7%
Santa Barbara Nueva Frontera
7%
La Paz Opatoro
7%
Lempira Piraera
7%
Valle San Francisco de Coray
7%
Santa Barbara San Francisco de Ojuera
7%
Santa Barbara San Jose de Colinas
7%
Francisco Morazan San Juan de Flores
7%
Lempira San Manuel Colohete
7%
Lempira San Marcos de Caiquin
7%
Santa Barbara San Pedro Zacapa
7%
Santa Barbara San Vicente Centenario
7%
Ocotepeque Sinuapa
7%
La Paz Aguanqueterique
5%
Santa Barbara Ceguaca
5%
Santa Barbara Chinda
5%
Lempira Cololaca
5%
Santa Barbara El Nispero
5%
Olancho Esquipulas del Norte
5%
Santa Barbara Gualala
5%
Lempira Gualcince
5%
Olancho Guarizama
5%
Olancho Mangulile
5%
Santa Barbara Nuevo Celilac
5%
Santa Barbara Petoa
5%
Olancho San Francisco de Becerra
5%
Lempira San Juan Guarita
5%
Olancho Santa Maria del Real
5%
Olancho Silca
5%
Lempira Tambla
5%
Lempira Virginia
5%
No matching quizzes found
Score Distribution
Percent of People with Each Score
Percentile by Number Answered
Your Score History
You have not taken this quiz